| 000 | 00687cas a2200205 a 4500 | ||
|---|---|---|---|
| 005 | 20250901165425.0 | ||
| 008 | 750824d19552020mauqr p 0 a0eng c | ||
| 010 |
_a 12030299 _zsc 80001913 _zsn 80008294 |
||
| 022 | 0 |
_a0011-5266 _l0011-5266 _21 |
|
| 050 | 0 | 0 | _aHD 2791 .G64 |
| 050 | 1 | 4 |
_aAS36 _b.A48516 |
| 082 | 0 | 4 | _a505 |
| 245 | 1 | 0 |
_aDaedalus : _bproceedings of the American Academy of Arts and Sciences. |
| 260 |
_a[Boston, Mass.] : _bAmerican Academy of Arts and Sciences, _c[1955-2020] |
||
| 260 | 3 |
_3<2003>-2020: _aCambridge, Mass. : _bMIT Press |
|
| 300 |
_a64 volumes : _billustrations ; _c24-26 cm |
||
| 500 | _aTitle from cover. | ||
| 500 | _aSubtitle varies. | ||
| 942 | _2ddc | ||
| 999 |
_c3737 _d3737 |
||